Pla de vigilància i prevenció d'incendis forestals del Parc del Montnegre i el Corredor : any 2007 any 2007
Publicado:
Barcelona :
Diputació de Barcelona. Àrea d'Espais Naturals. Direcció de Serveis d'Espais Naturals. Oficina Tècnica de Parcs Naturals ,
2007
Descripción Física:
[66] p. ; 30 cm
MARC
| LEADER | 00000nam a2200000Ia 4500 | ||
|---|---|---|---|
| 001 | 24246 | ||
| 008 | 160829s2007 xx 000 0 cat d | ||
| 080 | |a Bib-206 | ||
| 245 | |a Pla de vigilància i prevenció d'incendis forestals del Parc del Montnegre i el Corredor : |b any 2007 | ||
| 260 | |a Barcelona : |b Diputació de Barcelona. Àrea d'Espais Naturals. Direcció de Serveis d'Espais Naturals. Oficina Tècnica de Parcs Naturals, |c 2007 | ||
| 300 | |a [66] p. ; |c 30 cm | ||
| 650 | 0 | |a Parc del Montnegre i el Corredor (Catalunya) |x Incendis i prevenció d'incendis |9 50257 | |
| 710 | 2 | |a Barcelona (Catalunya : Província). |b Oficina Tècnica de Parcs Naturals |9 54370 | |
| 901 | |a Arxiu | ||
| 942 | |n 1 | ||
| 952 | |0 0 |1 0 |4 0 |6 BIB206 |7 1 |9 55913 |a Arxiu |b Arxiu |d 2016-12-01 |l 0 |o Bib-206 |p 24246 |r 2016-12-01 00:00:00 |w 2016-12-01 |y ARXIU | ||
| 999 | |c 59786 |d 59786 | ||